000 00271nam a2200109 a 4500
005 20140414132032.0
008 110317s19uu xx 00 eng d
050 _aTR
_bK64 2004
100 _aAndreae, Giles
245 _aK is for kissing a cool kangaroo.
999 _c113643
_d113643